000 00750cab a2200241 4500
001 WB3412-38
008 090401t1998 xxu||||| |||| 00| 0 eng d
035 _a(Sirsi) u85182
041 _aeng
245 _aJapanese life groups mull property return
260 _c1998
350 _a0
490 _aFinancial Times
_v24 March 1998, 32(1)
520 _aSeveral of Japan`s largest life assurance companies are considering investing in the country`s property industry for the first time since the sector crashed.
650 _aINSURANCE COMPANIES
650 _aINVESTMENT MARKET
650 _aJAPAN
650 _aPROPERTY MARKET
650 _aPROPERTY PRICES
690 _aOVERSEAS-REST OF THE WORLD
942 _n0
948 _c25/03/1998
999 _c53545
_d53545